000 01312nam a2200229Ia 4500
003 OSt
005 20210726173015.0
008 210310s2012 cl ad gr 000 0 spa d
040 _aCO-JMCR
_cCO-JMCR
041 0 _aspa
082 0 4 _a332.673098 /
_bN124u
_223
110 2 _aNaciones Unidas
_937599
245 1 3 _aLa Unión Europea y América Latina y el Caribe :
_binversiones para el crecimiento, la inclusión social y la sostenibilidad ambiental /
_cNaciones Unidas
260 _aSantiago de Chile :
_bNaciones Unidas,
_c2012
300 _a154 páginas :
_bilustraciones y gráficas a color ;
_c21 cm.
505 0 _aUn panorama de las economías de la Unión Europa y América Latina y el Caribe -- Inserción comercial de la Unión Europea y América Latina y el Caribe y las relaciones entre ambos bloques -- Inversiones transfronterizas entre la Unión Europea y la Comunidad de Estados Unidos Latinoamericanos y Caribeños (CELAC) -- La dimensión sectorial y empresarial de la inversión -- Reflexiones para el debate
650 1 4 _aPaíses de la Unión Europea
_916474
_xCondiciones económicas
650 2 4 _aPaíses de la Unión Europea
_938744
651 4 _aAmérica Latina
_xCondiciones económicas
_938745
651 4 _aAmérica Latina
_xRelaciones económicas exteriores
_938746
942 _2ddc
_cBK
999 _c8150
_d8150